[Event "Vojvodina-chT 2nd League"]
[Site "Backa Palanka"]
[Date "2020.10.19"]
[Round "5.2"]
[White "Matovic, Petar"]
[Black "Stankovic, Milos"]
[Result "0-1"]
[WhiteElo "2082"]
[BlackElo "2455"]
[PlyCount "56"]
[EventDate "2020.10.16"]
[EventType "team-tourn"]
[EventRounds "11"]
[EventCountry "SRB"]
[SourceTitle "EXT 2022"]
[Source "ChessBase"]
[SourceDate "2021.10.06"]
[SourceVersion "1"]
[SourceVersionDate "2021.10.06"]
[SourceQuality "1"]
[WhiteTeam "Vojka Sremac"]
[BlackTeam "Pancevo Gligoric"]
[WhiteTeamCountry "SRB"]
[BlackTeamCountry "SRB"]

1. d4 g6 2. c4 Nf6 3. Nc3 d5 4. Nf3 Bg7 5. Bf4 0-0 6. e3 Be6 7. Ng5 Bf5 8. Be2 c6 9. Qb3 Nbd7 10. 0-0 Qb6 11. c5 Qxb3 12. axb3 Rfe8 13. Nf3 Nh5 14. Bg5 h6 15. Bh4 g5 16. Ne5 Nxe5 17. dxe5 gxh4 18. Bxh5 Bxe5 19. h3 a6 20. Ra4 Bf6 21. e4 dxe4 22. Nxe4 Bxb2 23. Rb4 a5 24. Ra4 Red8 25. Re1 Be6 26. Ra2 Bg7 27. Rb1 Rd3 28. Bd1 f5 0-1

[Event "Belgrade Jezero op"]
[Site "Belgrade"]
[Date "2016.08.13"]
[Round "7"]
[White "Matovic, Petar"]
[Black "Djokic, Nenad"]
[Result "1/2-1/2"]
[WhiteElo "2159"]
[BlackElo "2343"]
[PlyCount "43"]
[EventDate "2016.08.07"]
[EventType "swiss"]
[EventRounds "9"]
[EventCountry "SRB"]
[SourceTitle "EXT 2017"]
[Source "ChessBase"]
[SourceDate "2016.10.25"]
[SourceVersion "1"]
[SourceVersionDate "2016.10.25"]
[SourceQuality "1"]

1. d4 Nf6 2. Nf3 e6 3. Bg5 h6 4. Bh4 b6 5. e3 c5 6. c4 cxd4 7. exd4 Bb7 8. Nc3 d6 9. Bd3 Be7 10. Qe2 Nbd7 11. 0-0 0-0 12. Rac1 a6 13. Rfd1 Re8 14. h3 Qc7 15. Bg3 Rac8 16. b4 Bf8 17. a3 e5 18. dxe5 Nxe5 19. Nxe5 dxe5 20. Ne4 Nxe4 21. Bxe4 Bxe4 22. Qxe4 1/2-1/2

[Event "SRB-chT2 West"]
[Site "Kragujevac"]
[Date "2015.10.08"]
[Round "6.5"]
[White "Matovic, Petar"]
[Black "Bojic, Zoran"]
[Result "1-0"]
[WhiteElo "2165"]
[BlackElo "2104"]
[PlyCount "65"]
[EventDate "2015.09.04"]
[EventType "team-tourn"]
[EventRounds "11"]
[EventCountry "SRB"]
[SourceTitle "EXT 2022"]
[Source "ChessBase"]
[SourceDate "2021.10.06"]
[SourceVersion "1"]
[SourceVersionDate "2021.10.06"]
[SourceQuality "1"]

1. d4 Nf6 2. Nf3 e6 3. Bf4 c5 4. c3 b6 5. e3 Bb7 6. Nbd2 Be7 7. h3 0-0 8. Bd3 d6 9. 0-0 Nbd7 10. Qe2 Re8 11. e4 Nf8 12. a4 Ng6 13. Bh2 a5 14. Bb5 Rf8 15. Rfd1 Rc8 16. e5 Nd5 17. Nc4 Ndf4 18. Bxf4 Nxf4 19. Qe3 Bg5 20. Nxg5 Qxg5 21. g3 Nxh3+ 22. Kf1 Qh5 23. Nxd6 Ng1 24. Nxb7 Qh1 25. Nd6 cxd4 26. Qe4 Nf3+ 27. Ke2 Qh5 28. g4 Qg5 29. Nxc8 Nxe5 30. Ne7+ Kh8 31. Rh1 g6 32. Qxd4 f6 33. Nc6 1-0

[Event "Gligoric Cup 3rd"]
[Site "Kraljevo"]
[Date "2015.05.21"]
[Round "6.3"]
[White "Kojovic, Dragan"]
[Black "Matovic, Petar"]
[Result "1-0"]
[WhiteElo "2386"]
[BlackElo "2203"]
[PlyCount "97"]
[EventDate "2015.05.16"]
[EventType "team-swiss"]
[EventRounds "7"]
[EventCountry "SRB"]
[SourceTitle "CBM 166 Extra"]
[Source "ChessBase"]
[SourceDate "2015.06.18"]
[SourceVersion "1"]
[SourceVersionDate "2015.06.18"]
[SourceQuality "1"]
[WhiteTeam "Gornji Milanovac Metalac"]
[BlackTeam "Cacak Borac"]
[WhiteTeamCountry "SRB"]
[BlackTeamCountry "SRB"]

1. e4 d5 2. exd5 Qxd5 3. Nc3 Qa5 4. Bc4 Nf6 5. d3 c6 6. Bd2 Qc7 7. Qe2 Bf5 8. Nf3 h6 9. Ne5 e6 10. g4 Bh7 11. Bf4 Qe7 12. 0-0-0 Bg8 13. Rhe1 Nbd7 14. Qf3 Nxe5 15. Bxe5 Nd7 16. Bg3 Nb6 17. Ne4 Qd7 18. Bb3 Be7 19. d4 a5 20. a3 a4 21. Ba2 Qd8 22. Be5 f6 23. Bg3 Nd5 24. c4 Nc7 25. Qf4 Rc8 26. Qe3 Bf7 27. Nc3 b5 28. Kb1 bxc4 29. Bxc7 Rxc7 30. Bxc4 0-0 31. Nxa4 Bd6 32. h3 Re8 33. Nc5 Rce7 34. Qe4 Qc8 35. Re3 e5 36. Bxf7+ Kxf7 37. dxe5 Bxc5 38. Qc4+ Kg6 39. Qc2+ Kf7 40. Qxc5 Rxe5 41. Qc4+ Kf8 42. Rd6 c5 43. Rxe5 Rxe5 44. f4 Re7 45. Qd5 Re2 46. Ka2 Ke7 47. Rc6 Qd8 48. Qxc5+ Kf7 49. Rc7+ 1-0

[Event "Cacak-ch rapid"]
[Site "Cacak"]
[Date "2014.12.10"]
[Round "3"]
[White "Colovic, Dusan"]
[Black "Matovic, Petar"]
[Result "1-0"]
[WhiteElo "2365"]
[BlackElo "2165"]
[PlyCount "38"]
[EventDate "2014.12.10"]
[EventType "swiss (rapid)"]
[EventRounds "9"]
[EventCountry "SRB"]
[SourceTitle "EXT 2017"]
[Source "ChessBase"]
[SourceDate "2016.10.25"]
[SourceVersion "1"]
[SourceVersionDate "2016.10.25"]
[SourceQuality "1"]

1. d4 Nf6 2. Nc3 d5 3. Bf4 Bf5 4. e3 e6 5. f3 Bb4 6. Bd3 0-0 7. Bxf5 exf5 8. Qd3 Qd7 9. Nge2 c6 10. 0-0-0 Re8 11. Ng3 g6 12. h4 h5 13. Be5 Qe6 14. Nce2 Nbd7 15. Nf4 Nxe5 16. Qb3 Qe7 17. dxe5 Qxe5 18. Qxb4 Qxe3+ 19. Qd2 Qe7 1-0

[Event "Topusko op 3rd"]
[Site "Topusko"]
[Date "2014.08.12"]
[Round "6"]
[White "Radulovic, Bojan"]
[Black "Matovic, Petar"]
[Result "0-1"]
[WhiteElo "2237"]
[BlackElo "2219"]
[PlyCount "122"]
[EventDate "2014.08.08"]
[EventType "swiss"]
[EventRounds "9"]
[EventCountry "CRO"]
[SourceTitle "CBM 162 Extra"]
[Source "ChessBase"]
[SourceDate "2014.10.17"]
[SourceVersion "1"]
[SourceVersionDate "2014.10.17"]
[SourceQuality "1"]

1. d4 d5 2. Nf3 Nf6 3. c4 c6 4. e3 Bf5 5. Nc3 e6 6. Nh4 Be4 7. f3 Bg6 8. Qb3 Qb6 9. Nxg6 hxg6 10. Qxb6 axb6 11. g4 Bd6 12. g5 Ng8 13. h3 Ne7 14. e4 Bb4 15. Kf2 Nd7 16. Bf4 0-0 17. Nd1 f5 18. e5 dxc4 19. Bxc4 Nd5 20. Bxd5 cxd5 21. a3 Rfc8 22. Rc1 Rxc1 23. Bxc1 Rc8 24. Ne3 Be7 25. f4 b5 26. Ke2 Nb6 27. b3 Kf7 28. Kd3 b4 29. axb4 Bxb4 30. Bb2 Ke8 31. Nc2 Be7 32. h4 Kd7 33. Bc3 Ra8 34. h5 gxh5 35. Rxh5 Rc8 36. Rh7 Rg8 37. Rh1 Kc6 38. Ne3 Nd7 39. Bd2 Nf8 40. Rc1+ Kd7 41. Nd1 Ng6 42. Nc3 Rh8 43. Ne2 Rh3+ 44. Kc2 Bd8 45. Rf1 Bb6 46. Ng1 Rh1 47. Kd3 Ne7 48. Be3 Nc6 49. Ra1 Ba5 50. Rc1 Rh2 51. Rxc6 bxc6 52. Ne2 Bb4 53. Bg1 Rh3+ 54. Kc2 Ke8 55. Nc1 Rg3 56. Nd3 Rg2+ 57. Bf2 Be1 58. Nxe1 Rxf2+ 59. Kd3 Rxf4 60. Nc2 Rg4 61. Nb4 Kd7 0-1

[Event "SRB-chT2 West"]
[Site "Vrnjacka Banja"]
[Date "2013.10.11"]
[Round "3"]
[White "Novakovic, Slobodan"]
[Black "Matovic, Petar"]
[Result "0-1"]
[WhiteElo "2167"]
[BlackElo "2244"]
[PlyCount "82"]
[EventDate "2013.10.10"]
[EventType "team-tourn"]
[EventRounds "8"]
[EventCountry "SRB"]
[SourceTitle "EXT 2014"]
[Source "ChessBase"]
[SourceDate "2013.11.20"]
[SourceVersion "1"]
[SourceVersionDate "2013.11.20"]
[SourceQuality "1"]

1. d4 Nf6 2. Nf3 d5 3. c4 c6 4. Nc3 Bf5 5. e3 e6 6. Be2 Bd6 7. 0-0 Nbd7 8. a3 g5 9. Nd2 h5 10. Re1 g4 11. Nf1 h4 12. Bd3 Ne4 13. Qc2 Ndf6 14. cxd5 cxd5 15. f3 gxf3 16. gxf3 Ng5 17. Kf2 Nh3+ 18. Ke2 Rg8 19. Kd2 Ng1 20. Qa4+ Kf8 21. Be2 Rg2 22. Kd1 a6 23. Bd2 Rc8 24. Rc1 Rf2 25. e4 dxe4 26. Be3 Nxe2 27. Bxf2 Nxc1 28. Kxc1 Nd5 29. fxe4 Nxc3 30. bxc3 Rxc3+ 31. Kb2 Rxa3 32. Qc4 Bg6 33. d5 e5 34. Bc5 Ra5 35. Bxd6+ Qxd6 36. Re3 Qb6+ 37. Rb3 Qf2+ 38. Kb1 Qe1+ 39. Kb2 Qa1+ 40. Kc2 Ra2+ 41. Kd3 Qxf1+ 0-1

[Event "SRB-CupT Central"]
[Site "Serbia"]
[Date "2013.04.27"]
[Round "6.2"]
[White "Djordjevic, Vuk D"]
[Black "Matovic, Petar"]
[Result "0-1"]
[WhiteElo "2140"]
[BlackElo "2234"]
[PlyCount "132"]
[EventDate "2013.03.24"]
[EventType "team-tourn"]
[EventRounds "8"]
[EventCountry "SRB"]
[SourceTitle "EXT 2018"]
[Source "ChessBase"]
[SourceDate "2017.10.13"]
[SourceVersion "1"]
[SourceVersionDate "2017.10.13"]
[SourceQuality "1"]

1. e4 d5 2. exd5 Qxd5 3. Nc3 Qa5 4. d4 c6 5. Nf3 Nf6 6. Bd2 Bf5 7. Bc4 e6 8. Nd5 Qd8 9. Nxf6+ gxf6 10. Be3 Nd7 11. Qd2 h5 12. Nh4 Be4 13. f3 Bd5 14. Bd3 b5 15. 0-0 Nb6 16. b3 a5 17. f4 f5 18. Nf3 Bxf3 19. Rxf3 Nd5 20. Bf2 b4 21. Re1 Be7 22. Bc4 Kf8 23. Kh1 Nc3 24. a4 Qd6 25. Be3 Bf6 26. Bg1 Rd8 27. Rd3 h4 28. Rf1 Ne4 29. Qe1 Ng3+ 30. Rxg3 hxg3 31. Qxg3 Bxd4 32. Rd1 c5 33. Bf2 Qe7 34. Qd3 Qf6 35. Bg3 Kg7 36. Qe2 Bc3 37. Bd3 Qd4 38. Rf1 Qd6 39. Rf3 Qd5 40. Bf2 Bd4 41. Bg3 Bf6 42. Bf2 Qd6 43. Rg3+ Kf8 44. Rf3 Qd5 45. h3 Bd4 46. Bg3 Bf6 47. Bf2 Rd7 48. Kh2 Bd4 49. Bg3 Rd8 50. Kh1 Qd6 51. Kh2 Kg7 52. Kh1 Rdg8 53. Kh2 Rh6 54. Qe1 Kf8 55. Kh1 Rhg6 56. Bf1 Bc3 57. Qf2 Qd4 58. Rd3 Qxf2 59. Bxf2 Bd4 60. Bxd4 cxd4 61. Rxd4 Ke7 62. Kg1 Rc8 63. Rd2 Rgg8 64. Kf2 Rgd8 65. Bd3 Rd4 66. Kf3 Rh8 0-1